Programa de desorden absoluto : descolonizar el museo /
Furkejuvvon:
| Váldodahkki: | |
|---|---|
| Eará dahkkit: | |
| Materiálatiipa: | Elektrovnnalaš E-girji |
| Giella: | espánnjágiella fránskkagiella |
| Almmustuhtton: |
Ciudad de México :
Akal,
[2025]
|
| Ráidu: | Inter pares. Serie Poscolonial.
|
| Fáttát: | |
| Liŋkkat: | Digitalia Hispánica |
| Fáddágilkorat: |
Lasit fáddágilkoriid
Eai fáddágilkorat, Lasit vuosttaš fáddágilkora!
|
MARC
| LEADER | 00000nam a2200000 i 4500 | ||
|---|---|---|---|
| 001 | DIGAKAL0904 | ||
| 003 | NyNyDIG | ||
| 007 | cr ||||||||||| | ||
| 008 | 251001t20252023mx ob 000 0 spa d | ||
| 006 | m o d | ||
| 035 | |a (OCoLC)1528083306 | ||
| 040 | |a DGITA |b eng |e rda |e pn |c DGITA | ||
| 020 | |a 9786078898602 |q eBook | ||
| 020 | |z 9786078898534 | ||
| 041 | 1 | |a spa |h fre | |
| 050 | 1 | 4 | |a AM7 ebook |
| 100 | 1 | |a Vergès, Françoise, |d 1952- |e author. | |
| 240 | 1 | 0 | |a Programme de désordre absolu. |l Spanish |s (López Martín) |
| 245 | 1 | 0 | |a Programa de desorden absoluto : |b descolonizar el museo / |c Françoise Vergès ; traducción de Francisco López Martín. |
| 264 | 1 | |a Ciudad de México : |b Akal, |c [2025] | |
| 264 | 4 | |c ©2023 | |
| 300 | |a 1 online resource. | ||
| 336 | |a text |b txt |2 rdacontent | ||
| 337 | |a computer |b c |2 rdamedia | ||
| 338 | |a online resource |b cr |2 rdacarrier | ||
| 347 | |a text file |2 rdaft | ||
| 347 | |b EPUB | ||
| 490 | 1 | |a Akal / Inter pares. Serie Poscolonial | |
| 504 | |a Includes bibliographical references. | ||
| 588 | 0 | |a Online resource; title from ePub title page (Digitalia, viewed October 1, 2025) | |
| 650 | 0 | |a Museums |x Curatorship |x Moral and ethical aspects |x History. | |
| 650 | 0 | |a Cultural appropriation |x History. | |
| 650 | 0 | |a Museums and community |x History. | |
| 650 | 0 | |a Decolonization. | |
| 650 | 0 | |a Postcolonialism. | |
| 700 | 1 | |a López Martín, Francisco, |e translator. | |
| 700 | 1 | |i Translation of: |a Vergès, Françoise, |d 1952- |t Programme de désordre absolu. | |
| 791 | 2 | |a Digitalia (Firm), |e distributor. | |
| 793 | 0 | |g Digitalia eBook Collection: |a Akal | |
| 776 | 0 | 8 | |i Print version: |a Vergès, Françoise, 1952- |s Programme de désordre absolu. Spanish (López Martín). |t Programa de desorden absoluto. |d Ciudad de México : Akal, [2025] |z 9786078898534 |
| 830 | 0 | |a Inter pares. |p Serie Poscolonial. | |
| 856 | 4 | 0 | |3 Digitalia Hispánica |u https://digitalia.unach.elogim.com/a/179988/ |
| 910 | |a Premium collection: 2025 | ||